[Event "8th Parsvnath Open"]
[Site "New Delhi IND"]
[Date "2010.01.16"]
[Round "5"]
[White "Lalith,B"]
[Black "Sai,KG"]
[Result "1-0"]
[WhiteElo "2457"]
[BlackElo "2238"]

1.Nf3 Nf6 2.c4 g6 3.Nc3 Bg7 4.e4 d6 5.d4 O-O 6.Be2 e5 7.O-O Nc6 8.d5 Ne7
9.b4 Nh5 10.Re1 f5 11.Ng5 Nf6 12.Bf3 c6 13.Be3 Kh8 14.a4 Ne8 15.c5 h6 16.Ne6 Bxe6
17.dxe6 d5 18.exd5 e4 19.d6 Bxc3 20.Bxh6 Bg7 21.Bxg7+ Nxg7 22.Qc1 Kh7 23.Qg5 Re8
24.Bxe4 Nxe6 25.Qh4+ Kg7 26.dxe7 Qd4 27.Qh3 Ng5 28.Qd3 Qxb4 29.Bxf5 Qxc5
30.Bxg6 Rxe7 31.Bh5 Nh7 32.Rxe7+ Qxe7 33.Rd1 Kh8 34.h3 Rg8 35.Qd4+ Nf6 36.Bf3 Rg5
37.Qxa7 Re5 38.a5 Re1+ 39.Rxe1 Qxe1+ 40.Kh2 Qb4 41.Qb8+ Kg7 42.a6 Nd7 43.Qc7  1-0

[Event "ch-POL"]
[Site "Warsaw POL"]
[Date "2010.01.17"]
[Round "9"]
[White "Dziuba,M"]
[Black "Markowski,T"]
[Result "1/2-1/2"]
[WhiteElo "2587"]
[BlackElo "2629"]

1.d4 d6 2.Nf3 g6 3.c4 Bg7 4.e4 Nf6 5.Nc3 O-O 6.Be2 e5 7.O-O Nc6 8.d5 Ne7
9.b4 Nh5 10.Re1 a5 11.bxa5 Rxa5 12.Nd2 Nf4 13.Bf1 c5 14.a4 Ra6 15.Ra3 Nh5
16.Nb5 Nf6 17.g3 Ne8 18.f4 Bd7 19.Nf3 Bg4 20.Qd3 Bxf3 21.Qxf3 f5 22.Qd1 fxe4
23.Rxe4 Nf5 24.Bh3 Nf6 25.Re1 Nd7 26.Kh1 exf4 27.Bxf4 Ne5 28.Qc2 Nd4 29.Nxd4 cxd4
30.Bxe5 Bxe5 31.c5 Qc7 32.c6 Kh8 33.Rc1 bxc6 34.dxc6 Ra5 35.Qd1 Rc5 36.Bg2 Rc3
37.Ra2 Qa5 38.Rxc3 dxc3 39.Be4 Qb4 40.Qd3 Kg7 41.Kg2 Ra8 42.Bd5 Qc5 43.Qc4 Ra5
44.Qxc5 Rxc5 45.Bb3 Rxc6 46.a5 Rc7 47.a6 Bd4 48.Kf3 d5 49.Ke2 Ba7 50.Kd3 d4
51.Re2 Kh6 52.Re5 Kg7 53.Rb5 Kf6 54.Rb7 Rxb7 55.axb7 Ke5 56.Bg8 h6 57.Bf7 g5
58.Bh5 Kf5 59.h3 Ke5 60.Bf3 Kd6 61.h4 Kc5 62.hxg5 hxg5 63.g4 Kd6 64.Be2 Ke5
65.Bd1  1/2-1/2

[Event "8th Parsvnath Open"]
[Site "New Delhi IND"]
[Date "2010.01.18"]
[Round "7"]
[White "Gutov,A"]
[Black "Bitan,B"]
[Result "1/2-1/2"]
[WhiteElo "2444"]
[BlackElo "2316"]

1.d4 Nf6 2.c4 g6 3.Nc3 Bg7 4.e4 d6 5.Nf3 O-O 6.Be2 e5 7.O-O Nc6 8.d5 Ne7
9.Ne1 Nd7 10.Nd3 f5 11.Bd2 fxe4 12.Nxe4 Nf5 13.Bc3 Nf6 14.Bf3 a5 15.Qe2 Nxe4
16.Bxe4 b6 17.f4 exf4 18.Bxg7 Nxg7 19.Nxf4 Rb8 20.Qd2 Bd7 21.Rf3 Qg5 22.Raf1 Bf5
23.Bxf5 Rxf5 24.Qc3 Qf6 25.Qxf6 Rxf6 26.g3 Rbf8 27.Kg2 R8f7 28.Ne2 Nf5 29.Kg1 Kg7
30.Nf4 Nd4 31.Re3 Kh6 32.Re4 c5 33.dxc6 Nxc6 34.h4 Ne5 35.Rd1 Nf3+ 36.Kg2 Nxh4+
37.Kh3 Nf3 38.Kg2 Nh4+ 39.Kh3 Nf3 40.Kg2 Nh4+ 41.Kh3  1/2-1/2

[Event "GMA"]
[Site "Marianske Lazne CZE"]
[Date "2010.01.19"]
[Round "4"]
[White "Rapport,R"]
[Black "Vokac,M"]
[Result "1/2-1/2"]
[WhiteElo "2444"]
[BlackElo "2479"]

1.d4 g6 2.c4 Bg7 3.e4 d6 4.Nf3 Nf6 5.Nc3 O-O 6.Be2 e5 7.O-O Nc6 8.d5 Ne7
9.b4 c6 10.dxc6 bxc6 11.Bg5 Be6 12.Qd2 d5 13.exd5 cxd5 14.Nxe5 dxc4 15.Bxc4 Qxd2
16.Bxd2 Bxc4 17.Nxc4 Rac8 18.Rae1 Nf5 19.Ne5 Rfd8 20.Nb1 Rc2 21.Bg5 h6 22.Bxf6 Bxf6
23.a4 Rd4 24.Na3 Ra2 25.Nb5 Bxe5 26.Rxe5 Rc4 27.Nxa7 Rxb4  1/2-1/2

[Event "Open C"]
[Site "Marianske Lazne CZE"]
[Date "2010.01.19"]
[Round "5"]
[White "Hamrakulova,Y"]
[Black "Iwanow,A"]
[Result "1-0"]
[WhiteElo "2254"]
[BlackElo "2039"]

1.d4 Nf6 2.Nf3 g6 3.c4 Bg7 4.Nc3 d6 5.e4 O-O 6.Be2 e5 7.O-O Nc6 8.d5 Ne7
9.b4 Nh5 10.Re1 Nf4 11.Bf1 f5 12.Nd2 a5 13.bxa5 c5 14.g3 Nh5 15.exf5 Qe8
16.Nb5 Qd8 17.fxg6 hxg6 18.Ne4 Ra6 19.Bg5 Nf6 20.Bg2 Nf5 21.Qd2 Nxe4 22.Bxe4 Bf6
23.Be3 Nxe3 24.Qxe3 Bg5 25.Qe2 Kg7 26.h4 Bh6 27.h5 gxh5 28.Qxh5 Qf6 29.Qe2 Rxa5
30.a4 Bd7 31.Ra3 Qe7 32.Bc2 Qf6 33.Kg2 Raa8 34.Be4 Qe7 35.Bc2 Rf6 36.Be4 Raf8
37.f3 Rg8 38.Rh1 Kf8 39.Kf2 Qg7 40.Rg1 Qg5 41.Raa1 Ke7 42.Rab1 Ra8 43.Ra1 Raf8
44.Rab1 Ra8 45.Ra1 Raf8 46.Ke1 Qh5 47.Kd1 Qg5 48.Kc2 Be8 49.Nc3 Bd7 50.Rab1 Rb8
51.a5 Rff8 52.Bd3 Qf6 53.f4 Bg7 54.Ne4 Qf7 55.Ng5 Qe8 56.Rb6 Ra8 57.Ra1 Kd8
58.Ra3 Kc7 59.f5 Ba4+ 60.Kb1 Bd7 61.Qd2 Qc8 62.g4 Rh8 63.Be4 Bf6 64.Ne6+ Bxe6
65.dxe6 Ra7 66.Qb2 Qd8 67.Rab3  1-0

[Event "8th Parsvnath Open"]
[Site "New Delhi IND"]
[Date "2010.01.20"]
[Round "9"]
[White "Suvrajit,S"]
[Black "Mallick,A"]
[Result "1-0"]
[WhiteElo "2343"]
[BlackElo "2191"]

1.d4 Nf6 2.Nf3 g6 3.c4 Bg7 4.Nc3 O-O 5.e4 d6 6.Be2 e5 7.O-O Nc6 8.d5 Ne7
9.Ne1 Nd7 10.Nd3 f5 11.Bd2 Nf6 12.f3 f4 13.c5 g5 14.Rc1 Ng6 15.a4 h5 16.cxd6 cxd6
17.Nf2 Rf7 18.Nb5 Ne8 19.Qb3 Bf8 20.Rc2 Rg7 21.Rfc1 g4 22.fxg4 hxg4 23.Bxg4 Bxg4
24.Nxg4 Nh4 25.Qh3 Qg5 26.Be1 Qxg4 27.Qxh4 Qf3 28.Nc3 Rc8 29.Rf2 Qe3 30.Bd2 Qb6
31.Qh3 Qd8 32.Qe6+ Rf7 33.Rcf1 Rc7 34.Nb5 Re7 35.Qg4+ Rg7 36.Qf3 a6 37.Na3 Ref7
38.Rc1 Qh4 39.Be1 Nf6 40.Rd2 Qh6 41.Rc8 Ng4 42.h3 Ne3 43.Nc4 Nxc4 44.Rxc4 Kh7
45.Rdc2 Be7 46.Rc7 Bd8 47.Rxf7 Bb6+ 48.Kh2 Rxf7 49.Rc8 Rg7 50.Re8 Bc5 51.b4 Be3
52.Bf2 Bxf2 53.Qxf2 Qg6 54.Qh4+  1-0

[Event "46th ch-CUB"]
[Site "Ciego de Avila CUB"]
[Date "2010.01.21"]
[Round "9"]
[White "Hernandez Carmenates,Hold"]
[Black "Jimenez Fraga,P"]
[Result "0-1"]
[WhiteElo "2573"]
[BlackElo "2402"]

1.d4 Nf6 2.c4 g6 3.Nc3 Bg7 4.e4 d6 5.Nf3 O-O 6.Be2 e5 7.O-O Nc6 8.d5 Ne7
9.Ne1 Nd7 10.f3 f5 11.g4 Kh8 12.Nd3 Ng8 13.Kh1 Bh6 14.Rg1 fxg4 15.Bxh6 Nxh6
16.fxg4 g5 17.Qd2 Ng8 18.Qe3 Qe7 19.h4 Rf4 20.Rg2 a6 21.Qd2 h6 22.hxg5 hxg5
23.Rh2+ Kg7 24.Qe3 Qf6 25.Qh3 Qh6 26.Qe3 Qg6 27.Kg2 Ndf6 28.Qh3 Nh6 29.Nxf4 gxf4
30.Qh4 Nf7 31.Rg1 Qg5 32.Bf3 Qxh4 33.Rxh4 Ng5 34.Re1 Bd7 35.a3 Kg6 36.a4 Kg7
37.b3 Kg6 38.Kf2 b5 39.cxb5 axb5 40.axb5 Rb8 41.Bd1 Bxb5 42.Bc2 Bd7 43.Rg1 Ra8
44.Ke2 Ra5 45.Rhh1 Rc5 46.Kd3 Bb5+ 47.Nxb5 Rxb5 48.Ra1 Nfxe4 49.Ke2 Rxd5
50.Rhd1 Rc5 51.Rac1 Kf6 52.Bxe4 Nxe4 53.Rxc5 Nxc5 54.b4 Ne6 55.Kf3 Ng5+ 56.Ke2 Ne4
57.Rc1 Ng3+ 58.Kf2 c5 59.b5 Ke6 60.Re1 c4 61.g5 Kd7 62.Kf3 Nf5 63.Ke4 Ke6
64.b6 Nd4  0-1

[Event "8th Parsvnath Open"]
[Site "New Delhi IND"]
[Date "2010.01.21"]
[Round "10"]
[White "Jumabayev,R"]
[Black "Rathnakaran,K"]
[Result "1-0"]
[WhiteElo "2536"]
[BlackElo "2402"]

1.Nf3 Nf6 2.c4 g6 3.Nc3 Bg7 4.d4 O-O 5.e4 d6 6.Be2 e5 7.O-O Nc6 8.d5 Ne7
9.Ne1 Ne8 10.f3 f5 11.g4 Nf6 12.Nd3 c6 13.Be3 cxd5 14.cxd5 Rf7 15.h4 Qd7
16.Nf2 f4 17.Bd2 h5 18.g5 Nh7 19.Qc2 a6 20.Rfc1 b5 21.Bf1 Qe8 22.Bh3 Bxh3
23.Nxh3 Nc8 24.Nd1 Nb6 25.Qc6 Qb8 26.b3 Bf8 27.Ndf2 Nd7 28.Ba5 Qa7 29.Kg2 Kg7
30.Nd3 Rb8 31.Qc3 Kg8 32.Qc6 Kg7 33.Qc3 Kg8 34.Nb4 Qa8 35.Qc6 Qa7 36.Rc2 Nc5
37.Rac1 Nxe4 38.Nxa6 Ng3 39.Nxb8 Qxa5 40.Qa6 Qxa6 41.Nxa6 Nf5 42.Nc7 Nxh4+
43.Kf2 Nf5 44.a4 bxa4 45.bxa4 Nd4 46.a5 Nxc2 47.Rxc2 Bg7 48.a6 e4 49.fxe4 Bd4+
50.Kf3 Be3 51.Nb5 Nf8 52.Nxd6 Ra7 53.Rc6 Nd7 54.Nc4 Bb6 55.Rxg6+ Kf7 56.Nxf4 Rxa6
57.e5 Ra3+ 58.Ke4 Ra4 59.e6+ Kf8 60.exd7 Rxc4+ 61.Kf5  1-0

[Event "LX Abto de Verano"]
[Site "Villa Ballester ARG"]
[Date "2010.01.30"]
[Round "8"]
[White "Krysa,L"]
[Black "Martinez,Ay"]
[Result "1-0"]
[WhiteElo "2246"]
[BlackElo "2054"]

1.d4 Nf6 2.c4 g6 3.Nc3 Bg7 4.e4 d6 5.Nf3 O-O 6.Be2 e5 7.O-O Nc6 8.Be3 Ng4
9.Bg5 f6 10.Bh4 g5 11.Bg3 h5 12.d5 Ne7 13.Nd2 f5 14.exf5 Nxf5 15.Nde4 Bd7
16.h3 Ngh6 17.Bxh5 Nd4 18.Bg4 Nxg4 19.hxg4 Qe7 20.f3 c5 21.Bf2 Rf7 22.Be3 Bh6
23.Qd2 Rg7 24.Rab1 a5 25.b3 Rf8 26.a3 Rf4 27.b4 b6 28.bxc5 bxc5 29.Rb7 Qf8
30.Bxf4 exf4 31.Rfb1 Bc8 32.Rb8 Rg6 33.Ra8  1-0

[Event "8th Gibtelecom Masters"]
[Site "Caleta ENG"]
[Date "2010.01.31"]
[Round "6"]
[White "Hirneise,L"]
[Black "Carlsen,I"]
[Result "1/2-1/2"]
[WhiteElo "1707"]
[BlackElo "1508"]

1.d4 Nf6 2.c4 g6 3.Nc3 Bg7 4.e4 d6 5.Nf3 O-O 6.Be2 e5 7.O-O Nc6 8.d5 Ne7
9.Ne1 Nd7 10.f3 f5 11.g4 Kh8 12.h3 f4 13.Bd2 h5 14.Nd3 Ng8 15.b4 b6 16.Kh2 Ngf6
17.a4 a5 18.bxa5 Rxa5 19.Nb5 Ra8 20.Ra3 hxg4 21.fxg4 Nxe4 22.Bf3 Ng5 23.Qe2 Nxf3+
24.Qxf3 Nf6 25.Nf2 Bd7 26.Rfa1 Nh7 27.Ne4 Bxb5 28.cxb5 Ng5 29.Nxg5 Qxg5 30.Qe4 Qf6
31.Rf3 Bh6 32.Bc3 Bg5 33.Qc4 Qf7 34.a5 Bh4 35.a6 Bg3+ 36.Kg2 Kg7 37.Raf1 Qe7
38.Bb2 Rh8 39.Rc1 Rhc8 40.Rfc3 Ra7 41.Qe4 Qh4 42.Qe2 Qe7 43.Ba3 Qf7 44.Qc4 Qd7
45.Qd3 Bh4 46.Rc6 Be7 47.Qc4 Kf7 48.Bb4 Kg7 49.Be1 Bd8 50.Bf2 Rb8 51.Qe4 Qe7
52.R1c4 Qf7 53.Be1 Qe7 54.Qc2 Qf7 55.Qd3 Qe7 56.Bb4 Qd7 57.Qa3 Qf7 58.Qd3  1/2-1/2

[Event "8th Gibtelecom Masters"]
[Site "Caleta ENG"]
[Date "2010.01.31"]
[Round "6"]
[White "Green,Per"]
[Black "Bindrich,O"]
[Result "0-1"]
[WhiteElo "1970"]
[BlackElo "2173"]

1.Nf3 Nf6 2.c4 g6 3.Nc3 Bg7 4.e4 d6 5.d4 O-O 6.Be2 e5 7.O-O Nc6 8.d5 Ne7
9.b4 a5 10.Ba3 b6 11.bxa5 Nh5 12.Re1 f5 13.Nd2 Nf6 14.f3 Kh8 15.Qc1 Bh6 16.Bf1 fxe4
17.Ncxe4 Nf5 18.Qc3 Rxa5 19.Bb4 Ra4 20.Nxf6 Qxf6 21.Ne4 Qh4 22.g3 Qe7 23.Bg2 Nd4
24.a3 Bf5 25.Rad1 Qd7 26.Qd3 Raa8 27.Bd2 Bxd2 28.Rxd2 Qa4 29.Ra2 Nb3 30.Qc3 Bxe4
31.Rxe4 Nc5 32.Re3 Qd1+ 33.Qe1 Qd4 34.Qc3 Ra4 35.Bf1 Rfa8 36.Be2 Kg8 37.Kf1 Kf7
38.Qc1 Kg7 39.Rc3 Rf8 40.Kg2 Nd7 41.Bd1 Ra5 42.Rd2 Qc5 43.Rb3 Rf7 44.Qc3 Nf6
45.Bc2 Ra4 46.Rb4 Ra8 47.a4 Qa5 48.Re2 Kg8 49.Qb2 Qc5 50.Be4 Raf8 51.Bd3 Qa5
52.Qb3 Nd7 53.Rb5 Nc5 54.Qb1 Qc3 55.Re3 Qd2+  0-1

[Event "8th Gibtelecom Masters"]
[Site "Caleta ENG"]
[Date "2010.02.01"]
[Round "7"]
[White "Benitah,Y"]
[Black "Molina,Ant1"]
[Result "0-1"]
[WhiteElo "2390"]
[BlackElo "2148"]

1.d4 Nf6 2.c4 g6 3.Nc3 Bg7 4.e4 d6 5.Nf3 O-O 6.Be2 e5 7.O-O Nc6 8.d5 Ne7
9.Ne1 Nd7 10.Be3 f5 11.f3 f4 12.Bf2 g5 13.Nd3 Nf6 14.c5 Ng6 15.Rc1 Rf7 16.cxd6 cxd6
17.a4 Bf8 18.b4 Bd7 19.Nb2 Rg7 20.Nb5 g4 21.fxg4 Nxe4 22.Nc7 Nxf2 23.Rxf2 Bxa4
24.Nxa4 Rxc7 25.Rxc7 Qxc7 26.Bd3 Rc8 27.Rc2 Qd8 28.Bf5 Rxc2 29.Qxc2 Qh4 30.Qe4 Kg7
31.Nb2 Be7 32.Nd3 Bd8 33.Kh1 Bb6 34.Bc8 Qe7 35.Qf5 e4 36.Nc1 f3 37.gxf3 exf3
38.Qd7 Qxd7 39.Bxd7 Nh4 40.Bb5 Ng2 41.Nb3 Ne3 42.Bd3 f2 43.Nd2 Nxd5 44.b5 Nf4
45.Bf5 a5 46.bxa6 bxa6 47.h4 a5 48.Bd7 d5 49.Kh2 Kf6 50.Kg3 Ne2+ 51.Kg2 Nc3
52.g5+ Kg7 53.Bf5 a4 54.Nb1 Nxb1 55.Bxb1 Be3 56.h5 h6  0-1

[Event "8th Gibtelecom Masters"]
[Site "Caleta ENG"]
[Date "2010.02.01"]
[Round "7"]
[White "Peek,Mar"]
[Black "Kapnisis,S"]
[Result "0-1"]
[WhiteElo "2342"]
[BlackElo "2510"]

1.d4 Nf6 2.c4 g6 3.Nc3 Bg7 4.e4 d6 5.Nf3 O-O 6.Be2 e5 7.O-O Nc6 8.d5 Ne7
9.b4 a5 10.Ba3 b6 11.bxa5 Nh5 12.Nb5 Rxa5 13.Bb4 Ra6 14.a4 Nf4 15.Nd2 f5
16.Re1 Nxe2+ 17.Qxe2 g5 18.a5 bxa5 19.Rxa5 Ng6 20.g3 f4 21.Rxa6 Bxa6 22.Ra1 Bc8
23.Ra7 f3 24.Qd3 Qd7 25.Rxc7 Qh3 26.Qf1 Qh5 27.Rxc8 Rxc8 28.Nxd6 Ra8 29.Nf5 Nf4
30.d6 Bf6 31.c5 Qh3 32.gxf4 Ra1 33.Ne3 Rxf1+ 34.Ndxf1 gxf4 35.c6 fxe3 36.Nxe3 Bg5
37.d7 Kf7  0-1

[Event "8th Gibtelecom Masters"]
[Site "Caleta ENG"]
[Date "2010.02.01"]
[Round "7"]
[White "Hirneise,T"]
[Black "Arvola,B"]
[Result "1-0"]
[WhiteElo "2421"]
[BlackElo "2218"]

1.d4 Nf6 2.c4 g6 3.Nc3 Bg7 4.e4 d6 5.Nf3 O-O 6.Be2 e5 7.O-O Nc6 8.d5 Ne7
9.Ne1 Nd7 10.Nd3 f5 11.Bd2 Nf6 12.f3 f4 13.Rc1 g5 14.c5 Ng6 15.Nb5 Ne8 16.Qc2 Rf7
17.Nf2 Bf8 18.b4 h5 19.a4 Rg7 20.cxd6 cxd6 21.Nxa7 Rc7 22.Nc6 bxc6 23.dxc6 g4
24.fxg4 hxg4 25.Bxg4 Qh4 26.Qb3+ Kh8 27.Bxc8 Raxc8 28.b5 Rh7 29.h3 Ne7 30.a5 Rg7
31.Ng4 Nc7 32.b6 Na6 33.c7 Ng6 34.Qe6 Qg3 35.Rf3  1-0

[Event "2nd Chennai Open"]
[Site "Chennai IND"]
[Date "2010.02.01"]
[Round "9"]
[White "Swapnil,SD"]
[Black "Kryakvin,D"]
[Result "0-1"]
[WhiteElo "2429"]
[BlackElo "2575"]

1.d4 Nf6 2.c4 g6 3.Nc3 Bg7 4.e4 d6 5.Nf3 O-O 6.Be2 e5 7.O-O Nc6 8.d5 Ne7
9.b4 Nh5 10.Re1 h6 11.Nd2 Nf4 12.Bf1 f5 13.g3 Nh5 14.c5 Nf6 15.a4 fxe4 16.Ndxe4 Nf5
17.Nxf6+ Rxf6 18.Ne4 Rf7 19.Bg2 Nd4 20.Be3 g5 21.g4 Qf8 22.h3 Bd7 23.Rc1 a6
24.Ng3 Re8 25.c6 Bc8 26.b5 axb5 27.axb5 bxc6 28.bxc6 Nf3+ 29.Bxf3 Rxf3 30.Kg2 e4
31.Nxe4 Rxh3 32.Kxh3 Rxe4 33.f3 h5 34.Kg2 Bxg4 35.Bf2 Rf4 36.Re3 h4 37.Qe2 h3+
38.Kg3 Be5 39.Rxe5 Rxf3+ 40.Kxg4 Qf4+ 41.Kh5 dxe5 42.Rb1 h2 43.d6 Rh3+ 44.Kg6 Qf7+
45.Kxg5 Qf4+  0-1

[Event "Georgi Tringov Mem"]
[Site "Plovdiv BUL"]
[Date "2010.02.01"]
[Round "2"]
[White "Bratanov,Z"]
[Black "Tzouganakis,P"]
[Result "1-0"]
[WhiteElo "2463"]
[BlackElo "2069"]

1.d4 Nf6 2.c4 g6 3.Nc3 Bg7 4.e4 d6 5.Nf3 O-O 6.Be2 e5 7.O-O Nc6 8.d5 Ne7
9.Kh1 Nd7 10.Be3 f5 11.Ng5 Nf6 12.f3 f4 13.Bf2 c5 14.b4 b6 15.bxc5 bxc5 16.Rb1 Ne8
17.Qa4 Nc7 18.Qa5 h6 19.Nh3 g5 20.Rb2 Ng6 21.Rfb1 Qe7 22.Rb7 Bxb7 23.Rxb7 Rac8
24.Nb5 Rf7 25.Rxa7 Qd8 26.Nxd6 Qxd6 27.Bxc5 Qd8 28.Bb6 g4 29.Ng1 Nh4 30.c5 gxf3
31.Nxf3 Nxf3 32.Bxf3 Qh4 33.Qd2 Nb5 34.Rxf7 Kxf7 35.d6 Nd4 36.d7 Rg8 37.c6 Qe7
38.Bh5+ Ke6 39.Bg4+ Kf7 40.c7  1-0

[Event "ch-ROU m"]
[Site "Baile Olanesti ROU"]
[Date "2010.02.02"]
[Round "4"]
[White "Dobre,C"]
[Black "Szabo,G ROM"]
[Result "1/2-1/2"]
[WhiteElo "1481"]
[BlackElo "2541"]

1.d4 Nf6 2.Nf3 g6 3.c4 Bg7 4.Nc3 O-O 5.e4 d6 6.Be2 e5 7.O-O Nc6 8.d5 Ne7
9.Ne1 Ne8 10.f3 f5 11.g4 f4 12.h4 Kh8 13.Bd2 c5 14.Ng2 Ng8 15.Be1 Bd7 16.a3 a5  1/2-1/2

[Event "8th Gibtelecom Masters"]
[Site "Caleta ENG"]
[Date "2010.02.02"]
[Round "8"]
[White "Marchand,F"]
[Black "Arakhamia Grant,K"]
[Result "1/2-1/2"]
[WhiteElo "2244"]
[BlackElo "2470"]

1.d4 Nf6 2.c4 g6 3.Nc3 Bg7 4.e4 d6 5.Nf3 O-O 6.Be2 e5 7.O-O Nc6 8.d5 Ne7
9.Ne1 Nd7 10.Be3 f5 11.f3 f4 12.Bf2 g5 13.Rc1 a5 14.a3 Ng6 15.b4 Nf6 16.c5 axb4
17.axb4 Bd7 18.b5 dxc5 19.Bxc5 b6 20.Bxf8 Bxf8 21.d6 Bxd6 22.Nd5 Ne8 23.Rc3 Kh8
24.Rf2 Bc5 25.Rxc5 bxc5 26.Qc1 c6 27.bxc6 Bxc6 28.Qxc5 Bxd5 29.exd5 Qa5 30.Qc1 Qxd5
31.Bd3 Qd4 32.Bxg6 hxg6 33.Qc6 Rb8 34.Qxg6 Ng7 35.Kf1 Qc4+ 36.Re2 Rb2 37.Qe4 Qxe4
38.Rxe4 Nf5 39.Rxe5 Ne3+ 40.Kg1 Rb1 41.Kf2 Rb2+ 42.Kg1 Re2 43.Rxg5 Rxe1+
44.Kf2 Ra1 45.g3 Ra2+ 46.Ke1 Kh7 47.gxf4 Ng2+ 48.Kd1 Nxf4 49.h4 Kh6 50.Rg4 Nd5
51.Rd4 Ne3+ 52.Kc1 Rc2+ 53.Kb1 Rf2 54.Rd3 Nf5 55.Kc1 Nxh4 56.Rd2 Rf1+ 57.Kc2 Kg5
58.Rd5+ Nf5 59.Re5 Kf4 60.Re8 Rxf3 61.Kb2 Rh3 62.Kc2 Nd6 63.Re7 Ne4 64.Re8 Rc3+
65.Kb2 Rc6 66.Rh8 Ke3 67.Rh3+ Kd4 68.Rh4 Rf6 69.Kb3 Rf2 70.Rg4 Kd5 71.Rg8 Nc5+
72.Kc3 Rf3+ 73.Kc2 Ne6 74.Kd2 Kd4 75.Rg4+ Nf4 76.Kc2 Kc4 77.Kd2 Kb3 78.Rg8 Rd3+
79.Ke1 Kc3 80.Rc8+ Kd4 81.Rd8+ Nd5 82.Kf2 Ra3 83.Ke2 Ke4  1/2-1/2

[Event "2nd Chennai Open"]
[Site "Chennai IND"]
[Date "2010.02.02"]
[Round "10"]
[White "Arun Prasad,S"]
[Black "Rajesh,VA"]
[Result "1-0"]
[WhiteElo "2567"]
[BlackElo "2321"]

1.d4 Nf6 2.c4 g6 3.Nc3 Bg7 4.e4 d6 5.Nf3 O-O 6.Be2 e5 7.O-O Nc6 8.d5 Ne7
9.b4 Nh5 10.Re1 f5 11.Ng5 Nf6 12.f3 Kh8 13.c5 h6 14.Ne6 Bxe6 15.dxe6 d5 16.exd5 Nfxd5
17.Nxd5 Qxd5 18.Qb3 Qxb3 19.axb3 Nc6 20.Ra4 Rfe8 21.Be3 a6 22.b5 axb5 23.Rxa8 Rxa8
24.Bxb5 Re8 25.Rd1 Rxe6 26.Rd7 f4 27.Bf2 e4 28.fxe4 Rxe4 29.Rxc7 Bd4 30.Bxd4+ Nxd4
31.Rxb7 Re1+ 32.Kf2 Rc1 33.b4 Rc2+ 34.Ke1 Rxg2 35.c6 Rc2 36.Ba4  1-0

[Event "Georgi Tringov Mem"]
[Site "Plovdiv BUL"]
[Date "2010.02.03"]
[Round "5"]
[White "Bratanov,Z"]
[Black "Spasov,V"]
[Result "1/2-1/2"]
[WhiteElo "2463"]
[BlackElo "2587"]

1.d4 Nf6 2.c4 g6 3.Nc3 Bg7 4.e4 d6 5.Nf3 O-O 6.Be2 e5 7.O-O Nc6 8.d5 Ne7
9.Kh1 Nh5 10.Ng1 Nf4 11.Bf3 h6 12.Be3 g5 13.Bg4 f5 14.exf5 Nxf5 15.Ne4 Nd4
16.Bxc8 Qxc8 17.Bxd4 exd4 18.Ne2 Qg4 19.Nxf4 Qxd1 20.Raxd1 Rxf4 21.Rfe1 g4
22.h3 h5 23.Re2 Raf8 24.g3 R4f5 25.Kg2 Re5 26.hxg4 hxg4 27.Rxd4 Rfe8 28.f3 gxf3+
29.Kxf3 Rf5+ 30.Kg4  1/2-1/2

[Event "ch-ROU m"]
[Site "Baile Olanesti ROU"]
[Date "2010.02.04"]
[Round "6"]
[White "Miroiu,G"]
[Black "Dragomirescu,R"]
[Result "0-1"]
[WhiteElo "2216"]
[BlackElo "2348"]

1.d4 Nf6 2.c4 g6 3.Nf3 Bg7 4.Nc3 O-O 5.e4 d6 6.Be2 e5 7.O-O Nc6 8.d5 Ne7
9.Ne1 Nd7 10.f3 f5 11.g4 Kh8 12.Be3 Ng8 13.Qd2 fxg4 14.fxg4 Rxf1+ 15.Bxf1 Ndf6
16.h3 Bf8 17.Qg2 c6 18.Nd3 cxd5 19.cxd5 Bd7 20.Be2 Be7 21.g5 Ne8 22.Bg4 Ng7
23.Bxd7 Qxd7 24.Rf1 a6 25.Qg4 Qe8 26.Kh2 Rc8 27.a3 Rc4 28.Qe2 Bd8 29.Qd2 Ba5
30.b4 Bd8 31.Nb2 Rc7 32.Qd3 Rf7 33.Nc4 Bc7 34.Kg2 Nh5 35.Rxf7 Qxf7 36.Ne2 h6
37.gxh6 Qf6 38.Nd2 g5 39.Qc4 Qd8 40.Nf3 Nf4+ 41.Nxf4 gxf4 42.Bf2 Nxh6 43.Kh2 Bb6
44.Bh4 Qg8 45.a4 Nf7 46.a5 Bd8 47.Bf2 Qg6 48.Qd3 Qh5 49.Kg2 Kh7 50.Qc4 Ng5
51.Nxg5+ Qxg5+ 52.Kf1 f3 53.h4 Qg4 54.Qc2 Kh6 55.Qc1+ Kh5 56.Qe3 Bxh4 57.Bxh4 Kxh4
58.Qh6+ Kg3 59.Qe3 Kh2 60.Qf2+ Qg2+ 61.Ke1  0-1

[Event "4th SOP-SMAOK Open"]
[Site "Athens GRE"]
[Date "2010.02.09"]
[Round "5"]
[White "Siaparinas,K"]
[Black "Paouris,N"]
[Result "0-1"]
[WhiteElo "1978"]
[BlackElo "1909"]

1.Nf3 Nf6 2.c4 g6 3.Nc3 Bg7 4.d4 O-O 5.e4 d6 6.Be2 e5 7.O-O Nc6 8.d5 Ne7
9.Ne1 Nd7 10.Be3 f5 11.f3 Nf6 12.c5 f4 13.Bf2 g5 14.Rc1 Ng6 15.cxd6 cxd6
16.Nb5 Rf7 17.Nxa7 Bd7 18.Nb5 Bc8 19.Qc2 Ne8 20.b4 h5 21.a4 g4 22.a5 g3 23.hxg3 fxg3
24.Bxg3 Bh6 25.Nd3 Be3+ 26.Bf2 Bf4 27.Nxf4 Nxf4 28.g3 Rg7 29.Kh2 Qd7 30.g4 Rh7
31.Kg1 hxg4 32.fxg4 Qg7 33.Bg3 Bxg4 34.Bxg4 Qxg4 35.Kf2 Rc8 36.Qd1 Rh2+ 37.Bxh2 Qg2+
38.Ke1 Rxc1 39.Rg1 Nd3+  0-1

[Event "TCh-Eur Seniors"]
[Site "Dresden GER"]
[Date "2010.02.11"]
[Round "2"]
[White "Ager,J"]
[Black "Uhlmann,W"]
[Result "1/2-1/2"]
[WhiteElo "2223"]
[BlackElo "2412"]

1.Nf3 Nf6 2.c4 g6 3.d4 Bg7 4.Nc3 O-O 5.e4 d6 6.Be2 e5 7.O-O Nc6 8.d5 Ne7
9.Ne1 Nd7 10.Be3 f5 11.f3 f4 12.Bf2 g5 13.a4 h5 14.a5 Nf6 15.c5 g4 16.cxd6 cxd6
17.Nb5 gxf3 18.gxf3 Bh3 19.Ng2 a6 20.Nc3 Ng6 21.Qe1 Nd7 22.Kh1 Bf6 23.Rg1 Kh7
24.Na4 Rc8 25.Nb6 Nxb6 26.Bxb6 Qd7 27.Qd2 Rg8 28.b4 Rg7 29.Rac1 Rcg8 30.Ne1 Bd8
31.Bf1 Bxf1 32.Bxd8 Qxd8 33.Rxf1 Nh4 34.Qf2 Qg5 35.Nd3 Qg2+ 36.Qxg2 Rxg2
37.Rc7+ R8g7 38.Rxg7+ Rxg7 39.Ne1 Rc7 40.Ng2 Ng6 41.Rb1 Rc3 42.Ne1 Nh4 43.Kg1 Nxf3+
44.Nxf3 Rxf3 45.b5 Ra3 46.bxa6 bxa6 47.Rb6 Rxa5 48.Rxd6 Ra4 49.Re6 Rxe4 50.d6 h4
51.d7 Rd4 52.Rxe5 Rxd7 53.Ra5 Kg6 54.Rxa6+ Kf5 55.Kf2 Rd2+ 56.Kf3 Rd3+ 57.Kg2 h3+
58.Kf2 Re3 59.Ra8 Rc3 60.Rf8+ Ke4 61.Re8+  1/2-1/2

[Event "TCh-Eur Seniors"]
[Site "Dresden GER"]
[Date "2010.02.12"]
[Round "3"]
[White "Mewes,H"]
[Black "Nordby,B"]
[Result "0-1"]
[WhiteElo "1924"]
[BlackElo "2128"]

1.d4 Nf6 2.c4 g6 3.Nc3 Bg7 4.e4 d6 5.Nf3 O-O 6.Be2 e5 7.O-O Nc6 8.d5 Ne7
9.Ne1 Nd7 10.Nd3 f5 11.f3 f4 12.b4 g5 13.c5 Nf6 14.Bd2 Rf7 15.Be1 Ng6 16.a4 Bf8
17.Rc1 Rg7 18.Bf2 h5 19.h3 g4 20.fxg4 hxg4 21.hxg4 Be7 22.Bf3 Nf8 23.Bh4 Nxg4
24.Bxe7 Qxe7 25.Qe1 Ne3 26.Qf2 Nxf1 27.Kxf1 Ng6 28.cxd6 cxd6 29.Nb5 Bd7 30.Nc7 Rc8
31.Qxa7 Nh4 32.Qf2 Nxf3 33.Ne6 Rxc1+ 34.Nxc1 Bxe6 35.dxe6 Nd4  0-1

[Event "TCh-Eur Seniors"]
[Site "Dresden GER"]
[Date "2010.02.12"]
[Round "3"]
[White "Hamm,G"]
[Black "Arp,F"]
[Result "1-0"]
[WhiteElo "2124"]
[BlackElo "2089"]

1.Nf3 Nf6 2.d4 g6 3.c4 Bg7 4.Nc3 O-O 5.e4 d6 6.Be2 e5 7.O-O Nc6 8.Bg5 exd4
9.Nxd4 Nxd4 10.Qxd4 h6 11.Bd2 Ng4 12.Qd3 Ne5 13.Qg3 Be6 14.b3 Nc6 15.Rad1 Nd4
16.Bd3 Kh7 17.Kh1 f5 18.f4 fxe4 19.Bxe4 Nf5 20.Qd3 c6 21.g4 Ne7 22.f5 d5
23.cxd5 Bxd5 24.Nxd5 Nxd5 25.fxg6+ Kg8 26.Qh3 Rxf1+ 27.Rxf1 Nf6 28.Bxh6 Qd4
29.Bf5 Qd5+ 30.Kg1 Re8 31.Bxg7 Qd4+ 32.Kh1 Qd5+ 33.Qf3 Kxg7 34.Qxd5 Nxd5
35.Bd3 Re7 36.Rf7+ Kh8 37.Rxe7 Nxe7 38.h4 Nd5 39.h5 Nf4 40.Bf5 Kg7 41.Kh2 Ne2
42.Kh3 Nd4 43.Kg3 a5 44.Kf4 b5 45.Ke5 c5 46.Kd5 a4 47.bxa4 bxa4 48.Kxc5 Ne2
49.Kb4 Nc1 50.a3  1-0

[Event "Noteboom Mem"]
[Site "Leiden NED"]
[Date "2010.02.13"]
[Round "4"]
[White "Hammes,M"]
[Black "Pruijssers,R"]
[Result "1/2-1/2"]
[WhiteElo "2375"]
[BlackElo "2428"]

1.d4 Nf6 2.Nf3 g6 3.c4 Bg7 4.Nc3 O-O 5.e4 d6 6.Be2 e5 7.O-O Nc6 8.d5 Ne7
9.Nd2 a5 10.a3 Bd7 11.b3 Ne8 12.Rb1 f5 13.b4 axb4 14.axb4 c6 15.c5 Kh8 16.Nc4 fxe4
17.Bg5 Bf6 18.Bxf6+ Rxf6 19.cxd6 Nxd6 20.Nxe5 cxd5 21.Nxd5 Ba4 22.Qd4 Nxd5
23.Qxd5 Qg8 24.Qd4 Qg7 25.Ng4 Re6 26.Qb6 Rae8 27.Rbc1  1/2-1/2

[Event "Open"]
[Site "Novy Bor CZE"]
[Date "2010.02.13"]
[Round "1"]
[White "Bednar,Ma"]
[Black "Ulanowski,K"]
[Result "1-0"]
[WhiteElo "2185"]
[BlackElo "1802"]

1.c4 Nf6 2.Nf3 g6 3.Nc3 Bg7 4.d4 d6 5.e4 O-O 6.Be2 e5 7.O-O Nc6 8.d5 Ne7
9.Ne1 Nd7 10.Be3 f5 11.f3 f4 12.Bf2 g5 13.Nb5 a6 14.Na7 Rxa7 15.Bxa7 b6 16.b4 Bb7
17.c5 dxc5 18.Rc1 cxb4 19.d6 Nc6 20.Bc4+ Kh8 21.Bd5 Nc5 22.Bxc6 Bxc6 23.Nd3 cxd6
24.Nxb4 Bb5 25.Nd5 Bxf1 26.Bxb6 Qd7 27.Qxf1 g4 28.Bxc5 dxc5 29.Qxa6 gxf3
30.gxf3 Rg8 31.Kh1 Qh3 32.Qf1 Qxf1+ 33.Rxf1 Ra8 34.Rf2 Bf8 35.Rc2 Kg7 36.Kg2 Kf7
37.Kf2 Bd6 38.Nb6 Ra6 39.Nc4 Ke6 40.Ke2 Bc7 41.Kd3 Ba5 42.Rg2 Bb4 43.a3 Ba5
44.Rg5 Bc7 45.Rh5 Ra8 46.Rh6+ Kd7 47.Rxh7+ Kc6 48.h4 Rd8+ 49.Kc2 Rd4 50.Nb2 Ba5
51.Nd3 c4 52.Nxe5+ Kd6 53.Ra7 Bb6 54.Nf7+ Kc5 55.Ra8 Rd3 56.Rc8+ Kb5 57.a4+ Kb4
58.Rxc4+ Kxc4 59.Ne5+ Kd4 60.Nxd3 Ke3 61.e5 Kxf3 62.e6 Bd8 63.a5  1-0

[Event "Open"]
[Site "Novy Bor CZE"]
[Date "2010.02.14"]
[Round "2"]
[White "Szablowski,P"]
[Black "Moehn,H"]
[Result "1-0"]
[WhiteElo "2230"]
[BlackElo "2015"]

1.d4 Nf6 2.Nf3 g6 3.c4 Bg7 4.Nc3 O-O 5.e4 d6 6.Be2 e5 7.O-O Nc6 8.d5 Ne7
9.Ne1 Nd7 10.Be3 f5 11.f3 f4 12.Bf2 h5 13.a4 g5 14.a5 a6 15.Na4 Ng6 16.c5 Rf7
17.Qb3 Rb8 18.Rc1 Bf8 19.Nd3 Rg7 20.cxd6 cxd6 21.Rc2 g4 22.fxg4 Nh4 23.h3 Rf7
24.Rfc1 Be7 25.Ne1 f3 26.Nxf3 Nxf3+ 27.Bxf3 Kh7 28.gxh5 Bg5 29.Be3 Bxe3+
30.Qxe3 Qxa5 31.Rxc8 Rxc8 32.Rxc8 Qxa4 33.Qg5 Nf8 34.h6 Qd4+ 35.Kh2 Ng6 36.Bh5 Qxe4
37.Bxg6+ Qxg6 38.Rh8+  1-0